Tam quốc diễn nghĩa ngọai truyện ( Truyện tình tam quốc) /
Tam quốc diễn nghĩa ngọai truyện ( Truyện tình tam quốc) là cuốn sách kể về những câu chuyện tình của các nhân vật tiêu biểu và nổi tiếng trong thiên tiểu thuyết sử thi " Tam quốc diễn nghĩa" chính truyện không có....
Saved in:
| Main Author: | |
|---|---|
| Other Authors: | , , , , |
| Format: | Book |
| Language: | Vietnamese |
| Published: |
H. :
Nhà xuất bản Văn hóa Thông tin ,
2002
|
| Subjects: | |
| Tags: |
Add Tag
No Tags, Be the first to tag this record!
|
| Institutions: | Thư viện Trường CĐ Kỹ Thuật Cao Thắng |
|---|
| LEADER | 01786nam a2200265 a 4500 | ||
|---|---|---|---|
| 001 | TVCDKTCT6498 | ||
| 003 | Thư viện trường Cao đẳng Kỹ thuật Cao Thắng | ||
| 005 | 20070316000000 | ||
| 008 | 070316 | ||
| 980 | \ | \ | |a Thư viện Trường CĐ Kỹ Thuật Cao Thắng |
| 024 | |a RG_1 #1 eb0 i1 | ||
| 041 | 0 | # | |a vie |
| 082 | # | # | |a 895.1 / |b C450H-oâ |
| 100 | 1 | # | |a Nguyễn Bích Liên |
| 245 | 0 | 0 | |a Tam quốc diễn nghĩa ngọai truyện ( Truyện tình tam quốc) / |c Nguyễn Bích Liên, ...[et al.] |
| 260 | # | # | |a H. : |b Nhà xuất bản Văn hóa Thông tin , |c 2002 |
| 300 | # | # | |a 821tr. ; |c 20,5cm |
| 520 | # | # | |a Tam quốc diễn nghĩa ngọai truyện ( Truyện tình tam quốc) là cuốn sách kể về những câu chuyện tình của các nhân vật tiêu biểu và nổi tiếng trong thiên tiểu thuyết sử thi " Tam quốc diễn nghĩa" chính truyện không có. |
| 520 | # | # | |a Với văn phong duyên dáng, giàu chất thơ, giàu nét văn hóa lịch sử độc đáo, " Tam quốc diễn nghĩa ngọai truyện" đã đặc tả, nhấn mạnh chuyện tình duyên, hôn nhân, những mối tình phong lưu của các nhân vật; Tào Tháo, Lưu Bị, Gia Cát Lượng, Hán Linh đế Lưu Hoằng, Hán Hiến đế Lưu Hiệp...vv trong " Tam quốc diễn nghĩa mộ cách hấp dẫn và thi vị. |
| 650 | # | 4 | |a Văn học Trung Quốc |
| 700 | 0 | # | |a Tạ Mỹ Sinh |
| 700 | 0 | # | |a Viết Dần, |e Tác giả |
| 700 | 0 | # | |a Xuân Huy, |e Tác giả |
| 700 | 0 | # | |a Việt Hùng, |e Tác giả |
| 700 | 0 | # | |a Nguyễn Bích Hằng, |e Tác giả |